Karpathenland

Podrobná bibliografia
Médium: Časopis
Jazyk:slovenčina
nemčina
PhysicalDescription:23 zv.
Vydavateľské údaje: Reichenberg Unftald für Sudetendeutfche Heimatforfchung 1928-1989
Predmet:

MARC

LEADER 00000cas a2200000 a 4500
001 vtls001398456
003 SK-MaSNL
005 20260228160157.0
008 001019d19281989gw qr p 0 0 1slo c
035 |a SNK000352893 
040 |a SNK  |b slo  |c SNK  |e AACR2 
041 |a ger 
044 |a gw  |c DE 
072 7 |a 316.3  |x Globálne spoločnosti. Sociálna štruktúra. Sociálne skupiny  |2 konspekt 
072 7 |a 323  |x Vnútropolitický vývoj, politický život  |2 konspekt 
072 7 |a 821.112.2  |x Nemecká literatúra, nemecky písaná  |2 konspekt 
080 |a 323.15(051)  |2 2011 
080 |a 050  |2 2011 
080 |a 821.112.2  |2 2011 
245 0 0 |a Karpathenland 
260 |a Reichenberg  |b Unftald für Sudetendeutfche Heimatforfchung  |c 1928-1989 
260 3 |3 ?-1989 München $b Tischler 
300 |a 23 zv. 
310 |a 4x ročne 
362 0 |a 1 (1928)-13, Nr. 3/4 (1942/43) ; 14 (1982)-17 (1989)  |z ZDB/2014 ; SKP 
500 |a Roč. 13, č. 2 (1943) pod návzom : Karpathenland 
650 0 7 |a Karpatskí Nemci  |2 SNKPH  |9 253235 
650 0 7 |a národnostné menšiny  |2 SNKPH  |9 2669 
650 0 7 |a nemecká literatúra  |2 SNKPH  |9 1195 
650 0 7 |a etnografia  |2 SNKPH  |9 950 
655 7 |a časopisy národnostných menšín  |2 SNKPH  |9 125411 
910 |a snk 
999 |c 1815  |d 3745 
952 |0 0  |1 0  |4 0  |7 0  |8 5  |a SNK  |b SNK  |d 2004-06-28  |i snk 4238/34  |l 0  |o snkČSB 197/6/1933  |p 17A0433672  |r 2005-01-02 00:00:00  |t č. 1-4  |w 2026-02-21  |y PREZ 
952 |0 0  |1 0  |4 0  |7 0  |a SNK  |b SNK  |d 2023-03-01  |i snkV. 437/49  |l 0  |o snkČSB 197/1/1928 D1  |p 17A1348990  |r 2026-02-21 20:10:15  |t č. 1, 3, 4  |w 2026-02-21  |y PREZ 
952 |0 0  |1 0  |4 0  |7 0  |8 4  |a SNK  |b SNK  |d 2003-11-07  |i snkKSK 242/58  |l 0  |o snkČSB 197/3/1930  |p 17A0402435  |r 2005-01-02 00:00:00  |t č. 1-4  |w 2026-02-21  |y PREZ 
952 |0 0  |1 0  |4 0  |7 0  |8 4  |a SNK  |b SNK  |d 2002-03-26  |l 0  |o snkČSB 197/12/1941  |p 17A0337581  |r 2005-01-02 00:00:00  |t č. 1-4  |w 2026-02-21  |y PREZ 
952 |0 0  |1 0  |4 0  |7 0  |8 5  |a SNK  |b SNK  |d 1999-09-21  |l 0  |o snkČSB 197/5/1932  |p 17A0211185  |r 2005-01-02 00:00:00  |t č. 1-4  |w 2026-02-21  |y PREZ 
952 |0 0  |1 0  |4 0  |7 0  |8 1  |a SNK  |b SNK  |d 2008-02-06  |i snk 1753/44  |l 0  |o snkČSB 197/10/1937  |p 17A0568287  |r 2026-02-21 20:28:42  |t č. 1-4  |w 2026-02-21  |y PREZ 
952 |0 0  |1 0  |4 0  |7 0  |8 1  |a SNK  |b SNK  |d 1997-09-26  |l 0  |o snkČSB 197/4/1931  |p 17A0098237  |r 2005-01-02 00:00:00  |w 2026-02-21  |y PREZ 
952 |0 0  |1 0  |4 0  |7 0  |8 5  |a SNK  |b SNK  |d 1997-11-25  |l 0  |o snkČSB 197/8/1935  |p 17A0110646  |r 2005-01-02 00:00:00  |w 2026-02-21  |y PREZ 
952 |0 0  |1 0  |4 0  |7 0  |8 1  |a SNK  |b SNK  |d 2000-10-19  |l 0  |o snkČSB 197/1/1928  |p 17A0254428  |r 2005-01-02 00:00:00  |t č. 1-4  |w 2026-02-21  |y PREZ 
952 |0 0  |1 0  |4 0  |7 0  |8 5  |a SNK  |b SNK  |d 2011-11-10  |i snkF 5840/77  |l 0  |o snkČSB 197/5/1932 D1  |p 17A0747380  |r 2026-02-21 20:39:51  |t č. 1-4  |w 2026-02-21  |y PREZ 
952 |0 0  |1 0  |4 0  |7 0  |8 1  |a SNK  |b SNK  |d 1998-08-17  |l 0  |o snkČSB 197/3/1930  |p 17A0156552  |r 2005-01-02 00:00:00  |t č. 1-4  |w 2026-02-21  |y PREZ 
952 |0 0  |1 0  |4 0  |7 0  |8 4  |a SNK  |b SNK  |d 1998-09-30  |l 0  |o snkČSB 197/9/1936 D1  |p 17A0163054  |r 2005-01-02 00:00:00  |t č. 1-4  |w 2026-02-21  |y PREZ 
952 |0 0  |1 0  |4 0  |7 0  |a SNK  |b SNK  |d 2000-03-20  |l 0  |o snkČSB 197/9/1936  |p 17A0231267  |r 2005-01-02 00:00:00  |t č. 1-4  |w 2026-02-21  |y PREZ 
952 |0 0  |1 0  |4 0  |7 0  |8 4  |a SNK  |b SNK  |d 2003-02-06  |l 0  |o snkČSB 197/11/1938  |p 17A0373135  |r 2005-01-02 00:00:00  |t č. 1-4  |w 2026-02-21  |y PREZ 
952 |0 0  |1 0  |4 0  |7 0  |8 5  |a SNK  |b SNK  |d 2023-05-11  |i snkF 5838/77  |l 0  |o snkČSB 197/6/1933 D1  |p 17A1348854  |r 2026-02-21 21:21:22  |w 2026-02-21  |y PREZ 
952 |0 0  |1 0  |4 0  |7 0  |8 5  |a SNK  |b SNK  |d 2023-05-11  |i snkF 5839/77  |l 0  |o snkČSB 197/7/1934 D1  |p 17A1348853  |r 2026-02-21 21:21:22  |w 2026-02-21  |y PREZ 
952 |0 0  |1 0  |4 0  |7 0  |8 5  |a SNK  |b SNK  |d 1999-03-03  |l 0  |o snkČSB 197/7/1934  |p 17A0184919  |r 2005-01-02 00:00:00  |w 2026-02-21  |y PREZ 
952 |0 0  |1 0  |4 0  |7 0  |8 1  |a SNK  |b SNK  |d 1996-12-03  |l 0  |o snkČSB 197/2/1929  |p 17A0024869  |r 2005-01-01 00:00:00  |t č. 1-4  |w 2026-02-21  |y PREZ 
952 |0 0  |1 0  |4 0  |7 0  |8 1  |a SNK  |b SNK  |d 1998-04-24  |l 0  |o snkČSB 197/2/1929 D1  |p 17A0136357  |r 2005-01-01 00:00:00  |t č. 1-4  |w 2026-02-21  |y PREZ 
952 |0 0  |1 0  |3 Rekatalogizácia  |4 0  |7 0  |8 5  |a SNK  |b SNK  |d 2017-06-14  |l 0  |o snkČSB 197/8/1935 D1  |p 17A1152069  |r 2026-02-21 22:18:24  |w 2026-02-21  |y PREZ